000 00260nam a2200109Ia 4500
008 190914s9999||||xx |||||||||||||| ||und||
100 _aMary Sumner
245 0 _aManagement Information Systems
260 _aLondon
_bAddison
_c2004
300 _a821
942 _cBK
999 _c8534
_d8534